000 00194nam a22000857a 4500
008 161128b xxu||||| |||| 00| 0 eng d
100 _91478
_aDass
245 _aHindi Stories
260 _aNew Delhi
_bNBT
999 _c4203
_d4203